法家的智慧 (Record no. 69485)

000 -LEADER
fixed length control field 00514nam a22002057a 4500
003 - CONTROL NUMBER IDENTIFIER
control field MPLRDC
005 - DATE AND TIME OF LATEST TRANSACTION
control field 20220105061138.0
008 - FIXED-LENGTH DATA ELEMENTS--GENERAL INFORMATION
fixed length control field 210129b ||||| |||| 00| 0 eng d
020 ## - INTERNATIONAL STANDARD BOOK NUMBER
International Standard Book Number 957-713-312-6
082 ## - DEWEY DECIMAL CLASSIFICATION NUMBER
Classification number 121.6 ZY
100 ## - MAIN ENTRY--PERSONAL NAME
Personal name 张易 编著
245 ## - TITLE STATEMENT
Title 法家的智慧
Statement of responsibility, etc.
250 ## - EDITION STATEMENT
Edition statement 初版一刷
260 ## - PUBLICATION, DISTRIBUTION, ETC.
Place of publication, distribution, etc. 台湾
Name of publisher, distributor, etc. 广达文化事业有限公司
Date of publication, distribution, etc. 2006
300 ## - PHYSICAL DESCRIPTION
Other physical details
490 ## - SERIES STATEMENT
Series statement 智慧中国: 6
520 ## - SUMMARY, ETC.
Summary, etc. 新书上架 2018-07-16。
650 ## - SUBJECT ADDED ENTRY--TOPICAL TERM
Topical term or geographic name entry element 法家
942 ## - ADDED ENTRY ELEMENTS (KOHA)
Koha item type Book
-- 121.6 ZY

No items available.

© 2022. Malaysian Public Library, Research and Development Centre. All Right ReservedE-mailmplrdc@help.edu.my 

Powered by Koha